Voter Turnout and the Dynamics of electoral Competition in Etablished Democracies since 1945

This book shows how voter turnout can serve as an indicator of the health of a democracy. It enumerates conditions that can result in low voter turnout and suggests reforms that might alleviate these conditions. Its innovative finding is that declining turnout does not reflect reductions in civic vi...

Täydet tiedot

Tallennettuna:
Bibliografiset tiedot
Päätekijä: Franklin, Mark N
Aineistotyyppi: Kirja
Kieli:Undetermined
Julkaistu: Cambridge Cambridge University Press 2004
Aiheet:
Tagit: Lisää tagi
Ei tageja, Lisää ensimmäinen tagi!
Thư viện lưu trữ: Trung tâm Học liệu Trường Đại học Cần Thơ
LEADER 01379nam a2200217Ia 4500
001 CTU_168587
008 210402s9999 xx 000 0 und d
082 |a 324.9045 
082 |b F831 
100 |a Franklin, Mark N 
245 0 |a Voter Turnout and the Dynamics of electoral Competition in Etablished Democracies since 1945 
245 0 |c Mark N. Franklin 
260 |a Cambridge 
260 |b Cambridge University Press 
260 |c 2004 
520 |a This book shows how voter turnout can serve as an indicator of the health of a democracy. It enumerates conditions that can result in low voter turnout and suggests reforms that might alleviate these conditions. Its innovative finding is that declining turnout does not reflect reductions in civic virtue or increases in alienation. Turnout falls, when it does, because of cumulating effects of institutional changes, because elections lack competitiveness, or because a larger proportion of the electorate pays attention to this lack of competitiveness. 
650 |a Bầu cử,Tham gia chính trị,Dân chủ,Voting,Political participation,Democracy 
650 |x Lịch sử,Lịch sử,Lịch sử,History,History,History 
650 |y Thế kỷ 20,Thế kỷ 20,Thế kỷ 20,20th Century,20th century,20th century 
904 |i Lan 
980 |a Trung tâm Học liệu Trường Đại học Cần Thơ